A belter India, A betler world (Record no. 3665)

MARC details
000 -LEADER
fixed length control field 00402nam a22001697a 4500
005 - DATE AND TIME OF LATEST TRANSACTION
control field 20160623112859.0
008 - FIXED-LENGTH DATA ELEMENTS--GENERAL INFORMATION
fixed length control field 160623b xxu||||| |||| 00| 0 eng d
020 ## - INTERNATIONAL STANDARD BOOK NUMBER
ISBN 978-0-670-08283-4
041 ## - LANGUAGE CODE
Language code of text/sound track or separate title eng
082 ## - DEWEY DECIMAL CLASSIFICATION NUMBER
Item number 9094
100 ## - MAIN ENTRY--AUTHOR NAME
Personal name Murthy, N. R. Narayan
245 ## - TITLE STATEMENT
Title A belter India, A betler world
260 ## - PUBLICATION, DISTRIBUTION, ETC. (IMPRINT)
Name of publisher Panguan
Year of publication 2009
300 ## - PHYSICAL DESCRIPTION
Number of Pages 290
650 ## - SUBJECT ADDED ENTRY--TOPICAL TERM
Topical Term Management
942 ## - ADDED ENTRY ELEMENTS (KOHA)
Koha item type Books
Holdings
Lost status Damaged status Collection code Home library Current library Shelving location Date acquired Cost, normal purchase price Full call number Accession Number Koha item type
    LIFE SKILL JRU Library JRU Library SHELF-101-A 23/06/2016 499.00 338.092 9094 Books
    CS/IT JRU Library JRU Library SHELF-55-E 26/10/2023   9094   Books